Formación humana y capacitación
Sparad:
| Huvudupphovsmän: | , |
|---|---|
| Materialtyp: | Bok |
| Språk: | spanska |
| Publicerad: |
Santiago
Dolmen
2002
|
| Upplaga: | 4a. ed |
| Ämnen: | |
| Taggar: |
Lägg till en tagg
Inga taggar, Lägg till första taggen!
|
MARC
| LEADER | 00000cam a2200000 a 4500 | ||
|---|---|---|---|
| 001 | UCK0284 | ||
| 003 | CL-VaPUC | ||
| 008 | 040924e20020000CL |||||||||||||||||spa|d | ||
| 020 | |a 9562012670 | ||
| 082 | 0 | 4 | |a 370.115 |b MAT |2 21 |
| 100 | |a Maturana Romesín, Humberto |e autor |9 448877 | ||
| 700 | 0 | |a Nisis de Rezepka, Sima |e author |9 488205 | |
| 245 | 1 | 0 | |a Formación humana y capacitación |
| 250 | |a 4a. ed | ||
| 300 | |a 175 p | ||
| 942 | |c BK | ||
| 945 | |d 20040924 00:00:00 |a cmena | ||
| 260 | |a Santiago |b Dolmen |c 2002 | ||
| 650 | 0 | |a Educación moral |9 308319 | |
| 650 | 0 | |a Valores morales |9 310604 | |
| 650 | 0 | |a Formación profesional |9 257232 | |
| 650 | 7 | |a CAPACITACION |2 CL-VaPUC |9 333907 | |
| 583 | |a last modification |c 20170313 08:55:08 |k Rodrigo Vera | ||
| 999 | |c 310769 |d 310767 | ||
| 952 | |0 0 |1 0 |4 0 |6 370_115000000000000_MAT_2002 |7 0 |8 A |9 379742 |a BIBEDU |b BIBEDU |d 2019-11-21 |i 4065557 |l 2 |o 370.115 MAT 2002 |p 4065557 |q 2025-04-21 |r 2025-03-19 |s 2025-03-19 |w 2019-11-21 |y BK |k PAR | ||
| 952 | |0 0 |1 0 |3 erb |4 0 |6 370_115000000000000_MAT_2002 |7 0 |8 A |9 379743 |a BIBEDU |b BIBEDU |i 5365635 |l 1 |o 370.115 MAT 2002 |p 5365635 |r 2024-08-10 |s 2024-06-28 |w 2019-11-21 |y BK |z Catalogado en:20170317 |k EPE | ||
| 952 | |0 0 |1 0 |3 erb |4 0 |6 370_115000000000000_MAT_2002 |7 0 |8 A |9 379744 |a BIBEDU |b BIBEDU |i 5365643 |l 3 |o 370.115 MAT 2002 |p 5365643 |q 2025-05-15 |r 2025-04-30 |s 2025-04-30 |w 2019-11-21 |y BK |z Catalogado en:20170317 |k EPE | ||
| 952 | |0 0 |1 0 |3 erb |4 0 |6 370_115000000000000_MAT_2002 |7 0 |8 A |9 379745 |a BIBEDU |b BIBEDU |i 5365651 |o 370.115 MAT 2002 |p 5365651 |r 2019-11-21 |w 2019-11-21 |y BK |z Catalogado en:20170317 |k EPE | ||